00721nam a2200181 i 4500001000700000003000900007005001700016008004100033080000800074100003100082245005500113246005900168260005700227300002200284650003200306852007100338852013000409164609ES-MaACL20250728111240.0050802s1900 sp |||| | spa d a2151 aSánchez Torres, Enrique.13aLa luz / cpor Enrique Sánchez Torres (Antonio).34iTit. de cub. originalaLa luz, el sonido y la música aBarcelona : b[s.n.], c1900 (fTip. La Económica) a256 p. ; c17 cm. 7aReligión y ciencia2embne aES-MaACLjD-2429 z- Rust. z. - Dedicatoria autógrafa del autor aES-MaACLjT-1017-F-2 z. - Enc. hol. conservando la cub. original z. - Dedicatoria autógrafa del autor al Ateneo de Madrid